Sborník Vysoké školy chemicko-technologické v Praze : S 15. Polymery-chemie, vlastnosti a zpracování. II.část

Saved in:
Bibliographic Details
Format: Book
Published: Praha : Státní pedagogické nakladatelství, 1986
Tags: Add Tag
No Tags, Be the first to tag this record!

MARC

LEADER 00000nam a22000003a 4500
001 stu19687
005 20150408181430.9
008 ------s1986----cs----------------------d
040 |a STU  |b slo 
041 0
044 |a cs 
080 |a 678.01(082.1) 
245 |a Sborník Vysoké školy chemicko-technologické v Praze :  |b S 15. Polymery-chemie, vlastnosti a zpracování. II.část 
260 |a Praha :  |b Státní pedagogické nakladatelství,  |c 1986 
300 |a 218 s :  |b Obr.,tab.,grafy,lit 
996 |b C78262  |c C*78262  |l CCXXIVA  |s P  |a 0  |w stu19687_0001